Εκθεση "τα ιστορικά μνημεία στην Ομοσπονδιακή Δημοκρατία της Γερμανίας και η συντήρησή τους"

Αποθηκεύτηκε σε:
Λεπτομέρειες βιβλιογραφικής εγγραφής
Μορφή: Βιβλίο
Γλώσσα:Greek
Δημοσίευση: Αθήναι : Εθνική Πινακοθήκη , Μουσείον Αλεξάνδρου Σούτζου, 1977
Θέματα:
Ετικέτες: Προσθήκη ετικέτας
Δεν υπάρχουν, Καταχωρήστε ετικέτα πρώτοι!

MARC

LEADER 00000nam a2200000 i 4500
001 1/87154
008 970407s1977 gre d
035 |a 1989  |b 3  |c Δωρεά  |l 10035164 
040 |a GR-MY-UA  |b gre  |e aacr 
041 0 |a gre 
082 0 |a 943 
245 1 0 |a Εκθεση "τα ιστορικά μνημεία στην Ομοσπονδιακή Δημοκρατία της Γερμανίας και η συντήρησή τους" /  |c Υπό την αιγίδα του Υπουργείου Πολιτισμού και Επιστημών και της Πρεσβείας της Ομοσπονδιακής Δημοκρατίας της Γερμανίας 
260 |a Αθήναι :   |b Εθνική Πινακοθήκη ,   |b Μουσείον Αλεξάνδρου Σούτζου,   |c 1977 
300 |a 18 σ. 
500 |a Ανω του τίτλου: Υπουργείον Πολιτισμού και Επιστημών 
650 0 0 |a Monuments  |x Conservation and restoration  |z Germany (West) 
852 |a INST  |b RHODES  |e 19970407  |h 943 ΥΠΟ  |p 005400010224  |q 005400010224  |t BK  |y 0 
909 |a Ρ  |b 014974  |c 1989 
970 |z 2000/08/ΔΕΜΕΝΑΓΑΣ ΠΕΤΡΟΣ